00591nam a2200169Ia 4500008004100000100002600041245009700067245002600164260005900190260000900249300001200258650001800270650001500288856002600303999001900329952007300348170221s9999 xx 000 0 und d aJudith McIntosh White aTranslating Science, Health and Technology: Reporters as Knowledge Transfer Intermediaries  cJudith McIntosh White bOnline Journal of Communication and Media Technologies c2013 a33 : 10 xCommunication xMedia Arts uhttp://www.ojcmt.net/ c311087d311087 001040aCLbCLd2017-02-21l0r2017-02-21 00:00:00w2017-02-21yFOJ